000 00534nam a22002297a 4500
003 UA-OsUOA
001 40043
007 ta
008 20060711b un ||||| |||| 00| 0 ukr d
100 _aБороздин Э
700 _aК.
090 _a101
_bБ83
942 _cSA
040 _aUA-OsUOA
_brus
_cUA-OsUOA
_dUA-OsUOA
245 _aК вопросу о метаистории
300 _aС.12-19
955 _a0
041 _arus
080 _a101
773 0 _w40042
650 7 _a1 Філософські науки
_2UDC
999 _c326190
_d326190